00699nam a2200217 a 450000500170000000800410001704000250005804100080008304400070009108200100009811001250010824500870023326000280032030000090034865000170035765000190037465000170039365000380041065000200044866200130046820200520151513.0140307b1980 ck ||||| |||| 00| 0 spa d aCO-BoIAVHcCO-BoIAVH aspa ack a025.3 aInstituto Colombiano de Normas Técnicas y CertificaciónbInstituto Colombiano de Normas Técnicas y Certificación aAnálisis de información con propósitos de indización, principios generales aBogotábICONTECc1980 a8 p. aNormatividad aTerminología aIndización aProcesamiento de la información aDocumentación aColombia